| 000 | 01113nas a2200349 4500 | ||
|---|---|---|---|
| 001 | BR2013005259 | ||
| 003 | BR-BrBNA | ||
| 005 | 20231205122617.0 | ||
| 007 | ta | ||
| 008 | 230509b bl.|||p| |||| 00| 00por d | ||
| 040 |
_aBR-BrBNA _bpor _cBiblioteca Nacional de Agricultura |
||
| 041 | _a(Pt) | ||
| 072 | _aK50 | ||
| 100 | 1 | _aCarvalho, S.R. de | |
| 100 | 1 | _aBorges, V.L. | |
| 100 | 1 | _aMulina, B.H.O. | |
| 100 | 1 | _aOliveira, R.L.M. de | |
| 100 | 1 | _aFigueira Júnior, E.A. | |
| 100 | 1 | _aPessoa Filho, J.S. | |
| 100 | 1 | _a | |
| 100 | 1 | _a | |
| 100 | 1 | _a | |
| 245 | 1 | _aInstrumentação térmica aplicada ao processo de produção de carvão vegetal em fornos de alvenaria | |
| 246 | 1 | _aThermal instrumentation applied to charcoal production | |
| 650 | _aCARVÃO | ||
| 650 | _aPRODUÇÃO | ||
| 650 | _aPRODUTO FLORESTAL | ||
| 773 | 0 |
_tRevista Árvore (Brazil) _xISSN 0100-6762 _g(Jul-Aug 2012), v. 36(4) p. 787-796 _wBR2013005259 |
|
| 856 | 4 |
_uhttp://www.scielo.br/pdf/rarv/v36n4/a20v36n4.pdf _yRecurso eletrônico (PDF) |
|
| 909 |
_a202311 _bLúcia _c55 _dLúcia Elande |
||
| 942 |
_2AGRIS _n0 _cANA |
||
| 999 |
_c229563 _d229563 |
||